000 01078nam a22003137a 4500
001 0013296
003 KOHA_MİRAKIL
005 20260207001914.0
007 ta
008 100215b1990 tu |||gr||||#||||1|tur |
040 _aTR-BiSEU
_btur
_cTR-BiSEU
_erda
041 0 _atur
044 _ctu
050 _aPN2037
_b.S77 1990
100 1 _aStrowski, Fortunat.
245 1 _aTiyatro ve bizler/
_cFortunat Strowski ; Fortunat Strowsky; çeviri Sabri Esat Siyavuşgil.
264 1 _aİstanbul :
_bMilli Eğitim
_c1990
300 _a133 sayfa; 17 cm.
336 _ametin
_btxt
_2rdacontent
337 _aaracısız
_bn
_2rdamedia
338 _acilt
_bnc
_2rdacarrier
490 1 _aMilli Eğitim Bakanlığı Yayınları ;
_vno:2136 ,Bilim ve Kültür Eserleri dizisi no ;
_v447.
490 1 _aTiyatro Eseerleri no ;
_v64
650 0 _aTheater.
_931348
650 0 _atiyatro.
_931349
830 1 _aMilli Eğitim Bakanlığı Yayınları ;
_vno:2136 ,Bilim ve Kültür Eserleri dizisi no ;
_v447.
_917955
830 1 _aTiyatro Eseerleri no ;
_v64
_931350
942 _2lcc
_cBK
999 _c13262
_d13262